Bertil Gotthard Ohlin

Život a dielo významného švédskeho ekonóma, nositeľa Nobelovej ceny z roku 1977, Bertila Gottharda Ohlina. Svojimi ekonomickými názormi patrí k tvorcom teórie Štokholmskej školy. Zaoberal sa teóriou peňazí, prispel k rozvoju makroekonomickej teórie a teórie medzinárodného obchodu. Vybrané práce B. G...

Full description

Saved in:
Bibliographic Details
Main Author: Čaplánová, Anetta, 1967-
Format: Book Chapter
Language:Slovak
Subjects:
Tags: Add Tag
No Tags, Be the first to tag this record!

MARC

LEADER 00000naa$a2200000$$$4500
001 0014359
005 20240502071359.9
041 0 |a slo 
044 |a SK 
245 1 0 |a Bertil Gotthard Ohlin  |c aut. Anetta Čaplánová 
520 |a Život a dielo významného švédskeho ekonóma, nositeľa Nobelovej ceny z roku 1977, Bertila Gottharda Ohlina. Svojimi ekonomickými názormi patrí k tvorcom teórie Štokholmskej školy. Zaoberal sa teóriou peňazí, prispel k rozvoju makroekonomickej teórie a teórie medzinárodného obchodu. Vybrané práce B. G. Ohlina . 
610 2 0 |a ekonómovia 
610 2 0 |a životopisy 
610 2 0 |a Ohlin, B.G. 
610 2 0 |a teórie ekonomické 
610 2 0 |a Štokholmská škola 
610 2 0 |a Nobelova cena 
610 2 0 |a teória peňažná 
610 2 0 |a teória obchodu 
610 2 0 |a obchod medzinárodný 
100 1 |a Čaplánová, Anetta, 1967-